World economic outlook. September 2004 <the> global demographic transition

Enregistré dans:
Détails bibliographiques
Format: Livre
Langue:anglais
Publié: Washington IMF 2004
Collection:World economic and financial surveys
Sujets:
Tags: Ajouter un tag
Pas de tags, Soyez le premier à ajouter un tag!

MARC

LEADER 00000nam$a2200000$$$4500
001 0021943
005 20240315115812.6
020 |a 1-58906-406-2 
022 |a 0258-7440 
041 0 |a eng 
044 |a US 
245 1 0 |a World economic outlook. September 2004  |b <the> global demographic transition 
264 1 |a Washington  |b IMF  |c 2004 
300 |a xii, 287 s. 
490 1 |a World economic and financial surveys 
830 0 |a World economic and financial surveys 
610 2 0 |a situácia hospodárska 
610 2 0 |a demografia 
610 2 0 |a politika hospodárska 
610 2 0 |a svet 
610 2 0 |a hospodárstvo svetové 
610 2 0 |a porovnanie medzinárodné 
610 2 0 |a porovnanie štatistické medzinárodné